| 000 | 01275nam a2200361Ia 4500 | ||
|---|---|---|---|
| 001 | 91125 | ||
| 003 | IT-RoPAU | ||
| 008 | 130308s9999 xx 000 0 und d | ||
| 040 | _aIT-RoPAU | ||
| 040 | _cIT-RoPAU | ||
| 041 | _aITALIANO | ||
| 100 | _aPropp Vladimir Jakovlevic | ||
| 100 | _gCodice Aut. SPICS: 2316 | ||
| 240 | _aISTORICESKIE KORNI VOLSEBNOJ SKAZKI | ||
| 240 | _gCodice Tit. Orig. Spics: T0863 | ||
| 242 | _aRACINES HISTORIQUES DU CONTE MERVEILLEUX (LES) | ||
| 242 | _nCod. Traduzione Titolo: 25427 | ||
| 242 | _yFRA | ||
| 245 | _aRadici storiche dei racconti di fate (Le) | ||
| 245 | _bRadici Storiche dei Racconti di Fate (Le) | ||
| 250 | _a3a ed. | ||
| 260 | _aTORINO | ||
| 260 | _bBoringhieri | ||
| 260 | _c1989 [1° Ed.:1972 - Ed.Ling.Originale:1946] | ||
| 300 | _a"582 p. (prefazione: 4; testo: 578)" | ||
| 500 | _aIntreccio Sventura e reazione foresta misteriosa Grande Casa doni Fatati Traghetto Sul fiume di fuoco Oltre le terre Lontane sposa Racconto di Fate Come complesso serpente nel Racconto di Fate Avvento dell'Eroe al trono fuga magica Introduzione di Alberto Cirese Bibliografia | ||
| 650 | _aLINGUISTICA | ||
| 650 | _eCodice materia Spics: 3201 | ||
| 942 | _cBK | ||
| 957 | _71 | ||
| 999 |
_c65648 _d65648 |
||
| 999 | _bSI | ||
| 999 | _g1 | ||